Football Teams Louis Saha Played For - Statistics

General Stats
  • This quiz has been taken 21 times
  • The average score is 5 of 9
Answer Stats
League Years Team % Correct
England 2004-2008 Manchester United
94%
England 2008-2012 Everton FC
76%
England 2000-2004 Fulham FC
65%
England 2012 Tottenham Hotspur
59%
Italy 2013 SS Lazio
47%
England 2012-2013 Sunderland AFC
41%
England 1999 Newcastle United
35%
France 1997-1999 FC Metz
29%
France 1999-2000 FC Metz
29%
No matching quizzes found
Score Distribution
Percent of People with Each Score
Percentile by Number Answered
Your Score History
You have not taken this quiz